| 000 | 00632nam a2200241Ia 4500 | ||
|---|---|---|---|
| 003 | OSt | ||
| 005 | 20220928104154.0 | ||
| 006 | a|||||r|||| 00| 0 | ||
| 007 | ta | ||
| 008 | 220927b |||||||| |||| 00| 0 eng d | ||
| 024 | _a65680 | ||
| 037 | _cTextual | ||
| 040 |
_aSDCL _cSDCL _beng |
||
| 041 |
_2eng _aeng |
||
| 082 | _aO142, N3 | ||
| 100 |
_aRozendorfer Herbert _9409433 |
||
| 245 | 0 | _aLetter from ancient China | |
| 260 |
_aVladivertok _bRubez _c1993 |
||
| 300 |
_a270p _ccm. |
||
| 650 |
_aLiterature Russian _9409434 |
||
| 942 |
_hO142, N3 _cTEXL _2CC |
||
| 999 |
_c724977 _d724977 |
||